Benchmarking Staff Performance How Staff Departments Can Enhance Their Value to the Customer
Guardado en:
| Autor principal: | |
|---|---|
| Formato: | Libro |
| Lenguaje: | inglés |
| Publicado: |
San Francisco
Jossey-Bass Publ.
1993
|
| Edición: | 1. ed. |
| Colección: | Jossey-Bass Management Series
|
| Materias: | |
| Etiquetas: |
Sin Etiquetas, Sea el primero en etiquetar este registro!
|
MARC
| LEADER | 00000nam a2200000 4500 | ||
|---|---|---|---|
| 001 | c019730 | ||
| 005 | 20221206075426.2 | ||
| 020 | |a 1-55542-573-9 | ||
| 041 | 0 | |a eng | |
| 044 | |a US | ||
| 245 | 1 | 0 | |a Benchmarking Staff Performance |b How Staff Departments Can Enhance Their Value to the Customer |c Jac Fitz-enz |
| 250 | |a 1. ed. | ||
| 264 | 1 | |a San Francisco |b Jossey-Bass Publ. |c 1993 | |
| 300 | |a 218 s. | ||
| 490 | 1 | |a Jossey-Bass Management Series | |
| 830 | 0 | |a Jossey-Bass Management Series | |
| 610 | 2 | 0 | |a benchmarking |
| 610 | 2 | 0 | |a manažment personálny |
| 610 | 2 | 0 | |a efektívnosť práce |
| 610 | 2 | 0 | |a výkony pracovné |
| 100 | 1 | |a Fitz-enz, Jac | |